'E'-Less European Countries Quiz Stats

Quiz Updated Jul 14, 2016

Challenge
Share
Tweet
Embed
Score 0/24 Timer 04:00
8 Plays Today
Country % Correct
Spain
96.1%
Italy
95.5%
Portugal
93%
Norway
92.2%
Finland
90.8%
Poland
88.2%
Russia
88.1%
Austria
84.5%
Latvia
82.9%
Hungary
82.1%
Lithuania
80.3%
Vatican City
79.4%
Country % Correct
Slovakia
79.1%
Romania
79.1%
Croatia
76.2%
Andorra
76.1%
Monaco
74.9%
Bulgaria
74.9%
Malta
73.1%
Cyprus
72.9%
Albania
71.3%
San Marino
68.2%
Kosovo
66.4%
Moldova
65.9%

You're not logged in!

Compare scores with friends on all Sporcle quizzes.
Sign Up with Email
OR
Log In

You Might Also Like...

Show Comments

Extras

Top Quizzes Today


Score Distribution

Your Account Isn't Verified!

In order to create a playlist on Sporcle, you need to verify the email address you used during registration. Go to your Sporcle Settings to finish the process.